| 000 | 00841nam a22002297a 4500 | ||
|---|---|---|---|
| 008 | 090123t xxu||||| |||| 00| 0 eng d | ||
| 010 | _aENG-92597 | ||
| 020 |
_c100.00 _a8177352024 |
||
| 035 | _aEN-76130 | ||
| 037 | _bDBAD / PUB | ||
| 040 |
_adpl _bEnglish |
||
| 082 | _a485 | ||
| 100 | _aRajappan, C. | ||
| 245 |
_aEnglish for communication and competitive examinations / _cby C. Rajappan |
||
| 260 |
_aChennai _bPavai Publications _c2005 |
||
| 270 |
_a142, Jani Jan Khan Road, Royapettah, _bChennai _e600014 |
||
| 300 |
_aiv, 388p. _c22m (pbk) |
||
| 500 | _aIncludes index | ||
| 650 |
_aEnglish Communication _vcompetitive examinations |
||
| 942 |
_2ddc _cEN _mRAJ _h485 |
||
| 999 |
_c22382 _d22382 |
||